Khắp thống đẳm khắp tiễn đưa đẩm của người Tày : ( Song ngữ Tày - Việt )
Shranjeno v:
| Format: | Knjiga |
|---|---|
| Jezik: | Undetermined |
| Izdano: |
Hà Nội
Văn hóa Dân tộc
2010
|
| Teme: | |
| Oznake: |
Označite
Brez oznak, prvi označite!
|
| Thư viện lưu trữ: | Trung tâm Học liệu Trường Đại học Cần Thơ |
|---|
| LEADER | 00635nam a2200181Ia 4500 | ||
|---|---|---|---|
| 001 | CTU_164093 | ||
| 008 | 210402s9999 xx 000 0 und d | ||
| 082 | |a 398.8597 | ||
| 082 | |b Kh117 | ||
| 245 | 0 | |a Khắp thống đẳm khắp tiễn đưa đẩm của người Tày : | |
| 245 | 0 | |b ( Song ngữ Tày - Việt ) | |
| 245 | 0 | |c Hà Đình Tỵ ( sưu tầm, biên dịch ) | |
| 260 | |a Hà Nội | ||
| 260 | |b Văn hóa Dân tộc | ||
| 260 | |c 2010 | ||
| 650 | |a Folk-song, Vietnamese,Ca dao, dân ca Việt Nam | ||
| 904 | |i Qhieu | ||
| 980 | |a Trung tâm Học liệu Trường Đại học Cần Thơ | ||